Sinonimi aulici - Statistics

Statistiche generali
  • Questo quiz è stato fatto 120 volte
  • Il punteggio medio è 14 su 20
Statistiche sulle risposte
Hint Risposta % Corretto
Rimembranza Ricordo
89%
Trasmutare Cambiare
88%
Miserrimo Povero
88%
Lesto Veloce
87%
Sgraziato Brutto
84%
Auspicare Sperare
83%
Bramare Volere
82%
Satollo Sazio
80%
Saviezza Saggezza
77%
Avvenente Bello
73%
Acume Intelligenza
72%
Vilipendere Offendere
72%
Indugioso Lento
66%
Opulento Ricco
66%
Prostato Stanco
63%
Ricusare Rifiutare
62%
Munifico Generoso
59%
Aversanza Odio
52%
Mestoso Triste
50%
Rifulgere Brillare
41%
Nessun quiz corrispondente trovato
Distribuzione punteggi
Percentuale di utenti per punteggio
Percentile per numero di risposta
I tuoi punteggi nel tempo
Non hai fatto questo quiz